La ley Foraker (Record no. 103594)

MARC details
000 -LEADER
campo de control de longitud fija 00945nam a2200265 i 4500
001 - NÚMERO DE CONTROL
campo de control 103594
003 - IDENTIFICADOR DE NÚMERO DE CONTROL
campo de control ES-MaACL
005 - FECHA Y HORA DE LA ÚLTIMA TRANSACCIÓN
campo de control 20250830221132.0
007 - CAMPO FIJO DE DESCRIPCIÓN FÍSICA--INFORMACIÓN GENERAL
campo de control de longitud fija t|
008 - DATOS DE LONGITUD FIJA--INFORMACIÓN GENERAL
campo de control de longitud fija 060421s1975 pr ||||1| spa d
080 ## - NÚMERO DE LA CLASIFICACIÓN DECIMAL UNIVERSAL
Número de la Clasificación Decimal Universal 382(73:729.5)
080 ## - NÚMERO DE LA CLASIFICACIÓN DECIMAL UNIVERSAL
Número de la Clasificación Decimal Universal 94(729.5)"1898/1952"
100 1# - ENTRADA PRINCIPAL--NOMBRE DE PERSONA
Nombre de persona Gould, Lyman Jay.
9 (RLIN) 59334
245 13 - MENCIÓN DEL TÍTULO
Título La ley Foraker
Resto del título : raices de la política colonial de los Estados Unidos /
Mención de responsabilidad, etc. Lyman J. Gould.
250 ## - MENCION DE EDICION
Mención de edición 2ª ed.
260 ## - PUBLICACIÓN, DISTRIBUCIÓN, ETC.
Lugar de publicación, distribución, etc. [Río Piedras] :
Nombre del editor, distribuidor, etc. Edit. Universitaria,
Fecha de publicación, distribución, etc. 1975.
300 ## - DESCRIPCIÓN FÍSICA
Extensión 186 p. ;
Dimensiones 22 cm.
490 1# - MENCIÓN DE SERIE
Mención de serie Uprex. Estudios literarios ;
Designación de volumen o secuencia 40
651 #4 - PUNTO DE ACCESO ADICIONAL DE MATERIA--NOMBRE GEOGRÁFICO
Nombre geográfico Puerto Rico-
Subdivisión general Comercio exterior-
Subdivisión geográfica Estados Unidos.
9 (RLIN) 9278
651 #4 - PUNTO DE ACCESO ADICIONAL DE MATERIA--NOMBRE GEOGRÁFICO
Nombre geográfico Estados Unidos-
Subdivisión general Comercio exterior-
Subdivisión geográfica Puerto Rico
9 (RLIN) 8537
651 #4 - PUNTO DE ACCESO ADICIONAL DE MATERIA--NOMBRE GEOGRÁFICO
Nombre geográfico Puerto Rico-
Subdivisión general Historia-
Subdivisión cronológica 1898-1952, Gobierno norteamericano.
9 (RLIN) 149195
830 0# - PUNTO DE ACCESO ADICIONAL DE SERIE-TÍTULO UNIFORME
Título uniforme Uprex. Estudios literarios ;
Designación de volumen o secuencia 40
9 (RLIN) 184780
852 ## - LOCALIZACIÓN
Ubicación ES-MaACL
Número de control de estantería C-56827
Sublocalización o colección R.137454
Holdings
Estatus retirado Estado de pérdida Estado de daño No para préstamo Biblioteca de origen Biblioteca actual Ubicación en estantería Fecha de adquisición Fuente de adquisición Total de préstamos Signatura topográfica completa Código de barras Visto por última vez Precio de reemplazo Tipo de ítem Koha
        Biblioteca del Ateneo de Madrid Biblioteca del Ateneo de Madrid Depósito 2 17/01/2008     C-56827 1108162 23/02/2023 23/02/2023 Libro impreso